Membres de la Zawa Prod en images - Statistiques

Statistiques générales
  • Ce quiz a été pris 53 fois
    44 depuis la dernière actualisation
  • Le résultat moyen est 6 sur 10
Statistiques - réponses
Par images Hint Réponse % Correct
LE PEUPLE Raz
93%
Go-muscu nietzschéen Dany Caligula
90%
ChatGPT CassAndre
85%
« EH ! » Iliès
78%
Bédéiste / graphiste Mouffette
70%
L'islamo-maoïste Wissam Xelka
70%
Monteur peu hygiénique Lethar
50%
Ancienne productrice Marie
28%
Cadreur-réalisateur Milan
28%
Monteur TikTok Tobi Lofi
23%
Aucun quiz correspondant
Distribution des résultats
% des personnes avec chaque résultat
Percentile par nombre de réponses
Votre historique - résultats
Vous n’avez pas pris ce quiz depuis la dernière actualisation